000 01589nam a2200217Ia 4500
999 _c55930
_d55930
001 23029
003 GE_BSU
005 20230628170144.0
008 181216s1988||||ge |||||||||||||| ||geo||
040 _cGE_BSU
041 _ageo
080 _a821.14'01-1 ა-69
245 _aანტიკური ლირიკა /
_cძვ. ბერძნ. და ლათინ. თარგმნა, წინასიტყვ. და შენიშვ. დაურთო გ. სარიშვილმა.
264 _aთბილისი :
_bსაბჭ. საქართველო,
_c1988.
300 _a166 გვ. ;
_c20 სმ.
500 _aშენიშვნები : გვ. 153-165
541 _h5ლ.
653 _aანტიკური ლირიკა
653 _aკალინე. ტირტეოსი. არქილოგე. მიმნერმე კოლოფონელი. სოლონი. სიმონიდე. ამორგოსელი. ალკეოსი. საფო. ანაკრეონტი. ალკმანი. სტესიქორე. იმიკოსი. სიმონიდე კეოსელი. პინდარე. თეოგნიდე. კორინა. პრაქსილა. პაკქილიდე. პლატონი. პარასიოსი. დემოკოდე. ერინა. სიმია. მეროდოსი. მეილინი. კატულუსი. ჰორაციუსი. ტიბულუსი.
942 _cBK
_2udc